| 000 | 00362nam a2200157Ia 4500 | ||
|---|---|---|---|
| 999 |
_c10357 _d10357 |
||
| 003 | OSt | ||
| 005 | 20220315190348.0 | ||
| 008 | 220308s9999 xx 000 0 und d | ||
| 020 | _a9780870702800 | ||
| 082 |
_a720.1 _bROB |
||
| 100 | _aRobert Venturi | ||
| 245 | 0 | _aComplexity & Contradiction In Architecture | |
| 365 | _cGBP | ||
| 365 | _d24.95 | ||
| 942 | _2ddc | ||